000 00344nam a2200133Ia 4500
008 220204s9999 xx 000 0 und d
082 _a575.16
_bKUH
100 _aKUHN, Alfred
245 0 _aLectures on developmental physiology
260 _aBerlin
_bSpringer
_c1971
650 _aChromosome
650 _aDevelopmental physiology
942 _cBK
999 _c27162
_d27162